| 000 | 00497nam a2200181 a 4500 | ||
|---|---|---|---|
| 001 | 000025133 | ||
| 005 | 20200930023559.0 | ||
| 008 | 110208s1968 ve r 000 0 spa d | ||
| 040 |
_aDO-SdBNP _bspa _cBNPHU |
||
| 082 |
_axxx _bA727p |
||
| 100 | 1 |
_aArmas Alfonzo, Alfredo _948154 |
|
| 245 | 1 | 3 |
_aLa Parada de maimos : _bcuentos / _cAlfredo Armas Alfonzo. |
| 260 |
_aCaracas : _bMonte Avila, _c1968. |
||
| 300 |
_a103 p. ; _c18 cm. |
||
| 490 | 1 | _aDonaire | |
| 830 | 0 |
_aDonaire _98050 |
|
| 049 | _aBNGR | ||
| 999 |
_c24626 _d24626 |
||